Statystyki dla Najpopularniejsze języki świata.

Kliknij tutaj aby rozwiązać quiz!

Ogólne statystyki

  • Ten quiz został rozwiązany 599 razy
  • Średni wynik to 6 z 10

Statystyki odpowiedzi

Liczba użytkownikówJęzyk% Poprawnych
1.132 blnAngielski
100%
534 mlnHiszpanski
90%
280 mlnFrancuski
83%
258 mlnRosyjski
81%
234 mlnPortugalski
67%
1.117 mlnMandarynski
56%
274 mlnArabski
55%
615 mlnHindi
39%
265 mlnBengalski
16%
198 mlnIndonezyjski
13%

Rozkład punktacji

Percentyl według liczby udzielonych odpowiedzi

Procent ludzi z każdym wynikiem

Twoja historia wyników

Nie rozwiązałeś tego quizu